[Event "NOR-ch Rapid"]
[Site "Bergen"]
[Date "2024.01.14"]
[Round "9"]
[White "Carlsson, Ludvig"]
[Black "Merkesvik, Sondre"]
[Result "1-0"]
[WhiteElo "2361"]
[BlackElo "2193"]
[PlyCount "65"]
[EventDate "2024.01.13"]
[EventType "swiss (rapid)"]
[EventRounds "10"]
[EventCountry "NOR"]
[SourceTitle "CBM 218 Extra"]
[Source "ChessBase"]
[SourceDate "2024.03.31"]
[SourceVersion "1"]
[SourceVersionDate "2024.03.31"]
[SourceQuality "1"]

1. Nf3 Nf6 2. c4 g6 3. Nc3 d5 4. cxd5 Nxd5 5. e4 Nxc3 6. dxc3 Qxd1+ 7. Kxd1 Bg7 8. Bf4 c5 9. Kc2 Nc6 10. a4 Bd7 11. Nd2 Na5 12. Bb5 0-0-0 13. Bxd7+ Rxd7 14. Nb3 Nxb3 15. Kxb3 Rhd8 16. Kc4 b6 17. a5 Kb7 18. axb6 axb6 19. Kb5 e5 20. Bg5 f6 21. Be3 Rb8 22. Ra6 Kc7 23. Rha1 f5 24. Ra7+ Rb7 25. Rxb7+ Kxb7 26. Ra6 Rd6 27. Bxc5 Rd2 28. Rxb6+ Kc7 29. b4 fxe4 30. Ra6 Kb8 31. Kc6 e3 32. Ba7+ Kc8 33. Bxe3 1-0

[Event "NOR-ch Rapid"]
[Site "Bergen"]
[Date "2024.01.13"]
[Round "2"]
[White "Merkesvik, Sondre"]
[Black "Urkedal, Frode Olav Olsen"]
[Result "0-1"]
[WhiteElo "2193"]
[BlackElo "2525"]
[PlyCount "60"]
[EventDate "2024.01.13"]
[EventType "swiss (rapid)"]
[EventRounds "10"]
[EventCountry "NOR"]
[SourceTitle "CBM 218 Extra"]
[Source "ChessBase"]
[SourceDate "2024.03.31"]
[SourceVersion "1"]
[SourceVersionDate "2024.03.31"]
[SourceQuality "1"]

1. Nf3 d5 2. g3 g6 3. Bg2 Bg7 4. c4 dxc4 5. Qa4+ Nc6 6. Qxc4 e5 7. Nc3 Nge7 8. 0-0 0-0 9. d3 Be6 10. Qc5 b6 11. Qa3 h6 12. Bd2 a5 13. Nb5 Qd7 14. Rac1 Rfc8 15. b3 Nd5 16. Rfd1 Nd4 17. Nbxd4 exd4 18. Rc2 c5 19. Qc1 Kh7 20. e4 Nb4 21. Bxb4 cxb4 22. Ne1 Rc3 23. Qd2 a4 24. bxa4 Rxa4 25. Rb2 Qa7 26. Nc2 Rxa2 27. Nxb4 Rxb2 28. Qxb2 Rb3 29. Qd2 Qa5 30. Nd5 Qxd2 0-1

[Event "NOR-chT Club"]
[Site "Bergen"]
[Date "2018.05.12"]
[Round "4.5"]
[White "Fossan, Benjamin"]
[Black "Merkesvik, Sondre"]
[Result "1/2-1/2"]
[WhiteElo "1948"]
[BlackElo "2181"]
[PlyCount "42"]
[EventDate "2018.05.10"]
[EventType "team-swiss"]
[EventRounds "6"]
[EventCountry "NOR"]
[SourceTitle "EXT 2019"]
[Source "ChessBase"]
[SourceDate "2018.10.10"]
[SourceVersion "1"]
[SourceVersionDate "2018.10.10"]
[SourceQuality "1"]
[WhiteTeam "Stavanger Junior"]
[BlackTeam "Bergens"]
[WhiteTeamCountry "NOR"]
[BlackTeamCountry "NOR"]

1. e4 Nf6 2. e5 Nd5 3. d4 d6 4. c4 Nb6 5. exd6 exd6 6. Nc3 Nc6 7. h3 Bf5 8. Be3 Be7 9. Nf3 Bf6 10. Be2 0-0 11. 0-0 d5 12. c5 Nc4 13. Bxc4 dxc4 14. Qa4 Bd3 15. Rfd1 Qd7 16. b3 Qf5 17. Rd2 cxb3 18. axb3 a5 19. Ne1 Ba6 20. Nc2 Bd3 21. Ne1 Ba6 1/2-1/2

[Event "NOR-chT Club"]
[Site "Bergen"]
[Date "2018.05.10"]
[Round "2"]
[White "Merkesvik, Sondre"]
[Black "Tryggestad, Andreas Garberg"]
[Result "0-1"]
[WhiteElo "2181"]
[BlackElo "2251"]
[PlyCount "78"]
[EventDate "2018.05.10"]
[EventType "team-swiss"]
[EventRounds "6"]
[EventCountry "NOR"]
[SourceTitle "EXT 2019"]
[Source "ChessBase"]
[SourceDate "2018.10.10"]
[SourceVersion "1"]
[SourceVersionDate "2018.10.10"]
[SourceQuality "1"]
[WhiteTeam "Bergens"]
[BlackTeam "Nordstrand"]
[WhiteTeamCountry "NOR"]
[BlackTeamCountry "NOR"]

1. Nf3 Nf6 2. g3 g6 3. Bg2 d5 4. 0-0 Bg7 5. d4 0-0 6. c4 c6 7. b3 Ne4 8. Bb2 Qa5 9. Nbd2 Bf5 10. a3 Nd7 11. b4 Qa6 12. b5 Qb6 13. a4 cxb5 14. cxb5 Rfc8 15. Qb3 Qa5 16. Nxe4 Bxe4 17. Rfc1 Rxc1+ 18. Rxc1 Nb6 19. Ne5 Bxg2 20. Kxg2 Qxa4 21. Qxa4 Nxa4 22. Ba3 Bxe5 23. dxe5 e6 24. Rc7 a6 25. Rxb7 axb5 26. Bb4 Nb2 27. Rxb5 Nc4 28. f4 g5 29. Kf3 Kg7 30. e3 Kg6 31. Rb7 h5 32. h3 Ra2 33. Rb8 Rb2 34. Bd6 Nd2+ 35. Ke2 Ra2 36. Rg8+ Kh7 37. Rf8 Ne4+ 38. Ke1 Kg7 39. Be7 Nxg3 0-1

[Event "NOR-chT 1718"]
[Site "Norway"]
[Date "2017.11.05"]
[Round "3.1"]
[White "Merkesvik, Sondre"]
[Black "Aulin Jansson, Joran"]
[Result "0-1"]
[WhiteElo "2210"]
[BlackElo "2270"]
[PlyCount "96"]
[EventDate "2017.11.03"]
[EventType "team-tourn"]
[EventRounds "9"]
[EventCountry "NOR"]
[SourceTitle "CBM 181 Extra"]
[Source "ChessBase"]
[SourceDate "2017.12.12"]
[SourceVersion "1"]
[SourceVersionDate "2017.12.12"]
[SourceQuality "1"]
[WhiteTeam "Bergens"]
[BlackTeam "Asker"]
[WhiteTeamCountry "NOR"]
[BlackTeamCountry "NOR"]

1. d4 Nf6 2. g3 d5 3. Bg2 c6 4. c4 Bf5 5. Nc3 e6 6. Nf3 h6 7. 0-0 Be7 8. b3 0-0 9. Bb2 Nbd7 10. Re1 Ne4 11. Nd2 Ndf6 12. Ndxe4 Nxe4 13. Nxe4 Bxe4 14. Bxe4 dxe4 15. e3 Qa5 16. Qg4 f5 17. Qe2 Bf6 18. a3 Rf7 19. b4 Qa4 20. Rec1 Rc8 21. Qc2 Qxc2 22. Rxc2 g5 23. a4 g4 24. c5 h5 25. b5 h4 26. Kf1 Rh7 27. Ke2 Kf7 28. Bc3 Kg6 29. Rb2 b6 30. cxb6 cxb5 31. Rxb5 axb6 32. Kd2 hxg3 33. hxg3 Rh2 34. Rf1 Bd8 35. a5 Bc7 36. axb6 Bxg3 37. b7 Rb8 38. Ba5 Bxf2 39. Rxf2 Rxf2+ 40. Kd1 Ra2 41. Bc7 Rh8 42. Bg3 Rh1+ 43. Be1 Ra1+ 44. Kd2 Rh2+ 45. Kc3 Rc1+ 46. Kb4 Rb2+ 47. Ka5 Rxb5+ 48. Kxb5 Rxe1 0-1

[Event "Kragero Grand Prix A"]
[Site "Kragero"]
[Date "2017.09.01"]
[Round "3"]
[White "Kizatbay, Abyl"]
[Black "Merkesvik, Sondre"]
[Result "1-0"]
[WhiteElo "2030"]
[BlackElo "2207"]
[PlyCount "61"]
[EventDate "2017.09.01"]
[EventType "swiss (rapid)"]
[EventRounds "6"]
[EventCountry "NOR"]
[SourceTitle "EXT 2024"]
[Source "ChessBase"]
[SourceDate "2023.10.10"]
[SourceVersion "1"]
[SourceVersionDate "2023.10.10"]
[SourceQuality "1"]

1. e4 Nf6 2. e5 Nd5 3. c4 Nb6 4. d4 d6 5. exd6 exd6 6. Nc3 Nc6 7. Be3 Be7 8. Qf3 Qd7 9. c5 dxc5 10. dxc5 Nb4 11. Rd1 Nc2+ 12. Ke2 Qg4 13. cxb6 Qg6 14. Qe4 Bf5 15. Qxb7 0-0 16. Nf3 Rad8 17. Nd5 Bd6 18. Kd2 cxb6 19. Nh4 Bb4+ 20. Kc1 Nxe3 21. Nxg6 Rc8+ 22. Nc7 Nxd1 23. Nxf8 Nxf2 24. Bc4 Bd6 25. Qf3 Nxh1 26. Qxf5 Rxc7 27. b3 Bxf8 28. Qf4 Rd7 29. Qf1 Rc7 30. Kb1 Ba3 31. Qxh1 1-0

[Event "Helsingor Xtracon op"]
[Site "Helsingor"]
[Date "2017.07.29"]
[Round "9"]
[White "Merkesvik, Sondre"]
[Black "Rosen, Eric S"]
[Result "0-1"]
[WhiteElo "2211"]
[BlackElo "2369"]
[PlyCount "56"]
[EventDate "2017.07.22"]
[EventType "swiss"]
[EventRounds "10"]
[EventCountry "DEN"]
[SourceTitle "CBM 179 Extra"]
[Source "ChessBase"]
[SourceDate "2017.08.23"]
[SourceVersion "1"]
[SourceVersionDate "2017.08.23"]
[SourceQuality "1"]

1. Nf3 Nf6 2. g3 d5 3. Bg2 e6 4. 0-0 c5 5. d4 b5 6. b3 Nbd7 7. c4 bxc4 8. bxc4 Bb7 9. Nc3 dxc4 10. Rb1 Nb6 11. Ba3 cxd4 12. Bxf8 Kxf8 13. Qxd4 Bxf3 14. Qxd8+ Rxd8 15. Bxf3 Nfd5 16. Nb5 a5 17. Nd4 Nb4 18. Nc6 Nxc6 19. Bxc6 Rb8 20. Rb5 Ke7 21. Rfb1 c3 22. Be4 Nd7 23. Rxa5 Rxb1+ 24. Bxb1 Rb8 25. Bd3 Rb2 26. Ra3 c2 27. Rc3 Rb1+ 28. Kg2 c1Q 0-1

[Event "Helsingor Xtracon op"]
[Site "Helsingor"]
[Date "2017.07.22"]
[Round "1"]
[White "Schouten, Mathias Lind"]
[Black "Merkesvik, Sondre"]
[Result "0-1"]
[WhiteElo "1734"]
[BlackElo "2211"]
[PlyCount "68"]
[EventDate "2017.07.22"]
[EventType "swiss"]
[EventRounds "10"]
[EventCountry "DEN"]
[SourceTitle "CBM 179 Extra"]
[Source "ChessBase"]
[SourceDate "2017.08.23"]
[SourceVersion "1"]
[SourceVersionDate "2017.08.23"]
[SourceQuality "1"]

1. e4 Nf6 2. e5 Nd5 3. c4 Nb6 4. d4 d6 5. Nf3 Bg4 6. Nbd2 Nc6 7. Be2 dxe5 8. dxe5 g6 9. Ng5 Bf5 10. f4 Qd4 11. Nb3 Qxd1+ 12. Kxd1 f6 13. exf6 exf6 14. Nf3 0-0-0+ 15. Bd2 Bb4 16. a3 Bxd2 17. Nbxd2 Nd4 18. g4 Nxf3 19. Bxf3 Nxc4 20. gxf5 Nxd2 21. Ke2 Rhe8+ 22. Kf2 gxf5 23. Rhe1 Ne4+ 24. Bxe4 fxe4 25. Rad1 f5 26. Ke2 Rg8 27. Rg1 Rg6 28. Rxg6 hxg6 29. Rg1 Rh8 30. Rxg6 Rxh2+ 31. Ke3 Rxb2 32. a4 Rc2 33. Kd4 b6 34. Rf6 Rc5 0-1

[Event "NOR-ch U20"]
[Site "Stavanger"]
[Date "2017.07.03"]
[Round "3"]
[White "Merkesvik, Sondre"]
[Black "Lund, Gunnar"]
[Result "1/2-1/2"]
[WhiteElo "2211"]
[BlackElo "2051"]
[PlyCount "52"]
[EventDate "2017.07.01"]
[EventType "swiss"]
[EventRounds "9"]
[EventCountry "NOR"]
[SourceTitle "EXT 2018"]
[Source "ChessBase"]
[SourceDate "2017.10.13"]
[SourceVersion "1"]
[SourceVersionDate "2017.10.13"]
[SourceQuality "1"]

1. Nf3 Nf6 2. g3 d5 3. Bg2 e6 4. 0-0 Be7 5. c4 0-0 6. d4 dxc4 7. Qc2 a6 8. a4 Bd7 9. Qxc4 Bc6 10. Nc3 b5 11. Qd3 b4 12. Nd1 Nbd7 13. Bf4 Be4 14. Qd2 c5 15. Ne3 Nh5 16. dxc5 Nxf4 17. gxf4 Nxc5 18. Qxb4 Rb8 19. Qc4 Rxb2 20. Ne5 Bxg2 21. Nxg2 Qb6 22. e3 Rb4 23. Qc2 Bf6 24. Rfb1 Bxe5 25. Rxb4 Qxb4 26. fxe5 Rb8 1/2-1/2

[Event "Oslo Sveins op 10th"]
[Site "Oslo"]
[Date "2017.06.27"]
[Round "9"]
[White "Merkesvik, Sondre"]
[Black "Greibrokk, Ingrid Andrea"]
[Result "1-0"]
[WhiteElo "2220"]
[BlackElo "1936"]
[PlyCount "71"]
[EventDate "2017.06.23"]
[EventType "swiss"]
[EventRounds "9"]
[EventCountry "NOR"]
[SourceTitle "CBM 179 Extra"]
[Source "ChessBase"]
[SourceDate "2017.08.23"]
[SourceVersion "1"]
[SourceVersionDate "2017.08.23"]
[SourceQuality "1"]

1. g3 e5 2. Bg2 Nc6 3. c4 f5 4. Nc3 Nf6 5. e3 g6 6. Nge2 Bg7 7. 0-0 0-0 8. Rb1 d6 9. d4 Ne7 10. b4 exd4 11. exd4 d5 12. Nf4 c6 13. Qb3 dxc4 14. Qxc4+ Kh8 15. Re1 Re8 16. Bb2 b5 17. Qb3 Qb6 18. Qf7 Qb7 19. d5 Neg8 20. Qxb7 Bxb7 21. dxc6 Ba6 22. Ne6 Rac8 23. Nd5 h5 24. Ndc7 Kh7 25. Nxa6 Kh6 26. h4 Kh7 27. Nac7 Kh6 28. Bd4 Kh7 29. Ng5+ Kh6 30. Nf7+ Kh7 31. Ng5+ Kh6 32. Nce6 Rxc6 33. Nf7+ Kh7 34. Nfg5+ Kh6 35. Nf7+ Kh7 36. Neg5# 1-0

[Event "Oslo Sveins op 10th"]
[Site "Oslo"]
[Date "2017.06.25"]
[Round "5"]
[White "Merkesvik, Sondre"]
[Black "Kvisvik, Brede Alexander"]
[Result "1/2-1/2"]
[WhiteElo "2220"]
[BlackElo "2310"]
[PlyCount "65"]
[EventDate "2017.06.23"]
[EventType "swiss"]
[EventRounds "9"]
[EventCountry "NOR"]
[SourceTitle "CBM 179 Extra"]
[Source "ChessBase"]
[SourceDate "2017.08.23"]
[SourceVersion "1"]
[SourceVersionDate "2017.08.23"]
[SourceQuality "1"]

1. Nf3 d5 2. g3 g6 3. Bg2 Bg7 4. d4 Nh6 5. c4 dxc4 6. Qa4+ c6 7. Qxc4 Nf5 8. e3 Nd6 9. Qe2 0-0 10. 0-0 Be6 11. Rd1 Qc8 12. Nc3 Bh3 13. Bxh3 Qxh3 14. Ng5 Qc8 15. e4 h6 16. Nf3 Qg4 17. Kg2 Rd8 18. h3 Qe6 19. Bf4 Na6 20. Be5 Bxe5 21. Nxe5 c5 22. Nf3 cxd4 23. Nxd4 Qc4 24. Qe3 Kg7 25. Rac1 e5 26. Nd5 exd4 27. Qf4 Qxa2 28. Qe5+ Kg8 29. Nf6+ Kf8 30. Nd5 Kg8 31. Nf6+ Kf8 32. Nd5 Kg8 33. Nf6+ 1/2-1/2

[Event "Fagernes TV2 IM"]
[Site "Fagernes"]
[Date "2017.04.09"]
[Round "1"]
[White "Merkesvik, Sondre"]
[Black "Akesson, Ralf"]
[Result "0-1"]
[WhiteElo "2239"]
[BlackElo "2452"]
[PlyCount "156"]
[EventDate "2017.04.09"]
[EventType "tourn"]
[EventRounds "9"]
[EventCountry "NOR"]
[EventCategory "4"]
[SourceTitle "CBM 177 Extra"]
[Source "ChessBase"]
[SourceDate "2017.04.27"]
[SourceVersion "1"]
[SourceVersionDate "2017.04.27"]
[SourceQuality "1"]

1. d4 Nf6 2. c4 e6 3. Nf3 b6 4. g3 Ba6 5. Qc2 Bb7 6. Nc3 Bxf3 7. exf3 d5 8. cxd5 Nxd5 9. Nxd5 Qxd5 10. Qe4 Bb4+ 11. Kd1 0-0 12. Bd3 f5 13. Qxd5 exd5 14. Be3 Bd6 15. f4 a5 16. Ke2 Ra7 17. Rhc1 c6 18. a4 Rc7 19. Rab1 Nd7 20. Bd2 c5 21. Bb5 Nf6 22. dxc5 Bxc5 23. b4 axb4 24. Bxb4 Ne4 25. a5 bxa5 26. Bxa5 Ra7 27. f3 Rxa5 28. fxe4 Ra2+ 29. Kd1 Ba3 30. Rc7 fxe4 31. Bc6 Rxh2 32. Rbb7 e3 33. Bxd5+ Kh8 34. Ke1 Bb2 35. Bf3 h6 36. Be2 Bf6 37. Kf1 Rf2+ 38. Ke1 Rg2 39. Rf7 Ra8 40. Ra7 Rd8 41. Rfd7 Re8 42. Bh5 Bc3+ 43. Kf1 e2+ 44. Kxg2 e1Q 45. Bxe8 Qxe8 46. Re7 Qc6+ 47. Kh2 Bd4 48. Ra2 Kh7 49. Rd2 Bg1+ 50. Kh3 h5 51. Rg2 Bd4 52. Kh2 Qf3 53. Ree2 h4 54. gxh4 Qxf4+ 55. Kh1 Qf1+ 56. Kh2 Be5+ 57. Rxe5 Qf4+ 58. Kh3 Qxe5 59. Rg5 Qe3+ 60. Kg4 Qg1+ 61. Kh3 Qf2 62. h5 Qf3+ 63. Kh4 Qf4+ 64. Rg4 Qf6+ 65. Kg3 Qf5 66. Kh4 Kg8 67. Rg5 Qf4+ 68. Rg4 Qf2+ 69. Kh3 Qf1+ 70. Kh4 Qh1+ 71. Kg5 Kh7 72. Rf4 Qd5+ 73. Rf5 Qd2+ 74. Rf4 Qe3 75. Kg4 Kh6 76. Rf5 Qe4+ 77. Rf4 Qg2+ 78. Kf5 Kxh5 0-1

[Event "Alesund Grand Prix A"]
[Site "Alesund"]
[Date "2017.04.01"]
[Round "4"]
[White "Merkesvik, Sondre"]
[Black "Fard, Adel Gharebagi"]
[Result "1/2-1/2"]
[WhiteElo "2186"]
[BlackElo "1562"]
[PlyCount "141"]
[EventDate "2017.04.01"]
[EventType "swiss"]
[EventRounds "4"]
[EventCountry "NOR"]
[SourceTitle "EXT 2024"]
[Source "ChessBase"]
[SourceDate "2023.10.10"]
[SourceVersion "1"]
[SourceVersionDate "2023.10.10"]
[SourceQuality "1"]

1. g3 d5 2. Nf3 e6 3. Bg2 Bd6 4. c4 c6 5. d4 f5 6. 0-0 Nf6 7. b3 0-0 8. Ba3 Ne4 9. e3 a5 10. Ne5 Qe7 11. Bxd6 Qxd6 12. f3 Nf6 13. Nc3 Nbd7 14. f4 Ne4 15. Nxe4 dxe4 16. c5 Qd5 17. Nc4 Rd8 18. Rf2 Rb8 19. Qc2 b6 20. cxb6 Nxb6 21. Rc1 Bd7 22. Bf1 Nxc4 23. Qxc4 Qxc4 24. Rxc4 Rb4 25. Rfc2 Ra8 26. Kf2 Kf7 27. g4 g6 28. g5 Rxc4 29. Rxc4 Ke7 30. h4 Kd6 31. h5 gxh5 32. Kg3 h6 33. gxh6 Rh8 34. Rc5 Rxh6 35. Rxa5 Rg6+ 36. Kf2 h4 37. Ra8 Rg3 38. Bg2 Rg7 39. Rh8 c5 40. dxc5+ Kxc5 41. Rxh4 Bb5 42. Bf1 Ra7 43. Bxb5 Kxb5 44. Rh6 Rxa2+ 45. Ke1 Ra6 46. Kd2 Kb4 47. Rh8 Ra2+ 48. Kd1 Kc3 49. Rd8 Rb2 50. Rd6 Rxb3 51. Ke2 Rb2+ 52. Ke1 Kc4 53. Kd1 Ra2 54. Ke1 Ra5 55. Ke2 e5 56. fxe5 Rxe5 57. Rd4+ Kc5 58. Rd8 Rd5 59. Rxd5+ Kxd5 60. Kd2 Kc4 61. Kc2 Kb4 62. Kb2 Kc4 63. Kc2 Kd5 64. Kd2 Ke5 65. Ke2 Kf6 66. Kf2 Kg6 67. Kg2 Kg5 68. Kg3 Kf6 69. Kf2 Ke6 70. Ke2 Kd5 71. Kd2 1/2-1/2

[Event "Liljevatnet BGP U20"]
[Site "Liljevatnet"]
[Date "2016.09.25"]
[Round "5"]
[White "Holleland, Sigve"]
[Black "Merkesvik, Sondre"]
[Result "0-1"]
[WhiteElo "1998"]
[BlackElo "2096"]
[PlyCount "69"]
[EventDate "2016.09.23"]
[EventType "swiss"]
[EventRounds "5"]
[EventCountry "NOR"]
[SourceTitle "EXT 2024"]
[Source "ChessBase"]
[SourceDate "2023.10.10"]
[SourceVersion "1"]
[SourceVersionDate "2023.10.10"]
[SourceQuality "1"]

1. c4 Nf6 2. Nc3 d5 3. cxd5 Nxd5 4. e4 Nxc3 5. bxc3 g6 6. Bc4 Bg7 7. Ne2 0-0 8. 0-0 c5 9. Rb1 Nc6 10. Ba3 Qa5 11. Qc1 a6 12. Rd1 Rd8 13. d4 cxd4 14. cxd4 Nxd4 15. Nxd4 Rxd4 16. Bxe7 Rxd1+ 17. Qxd1 Qc7 18. Qd6 Be5 19. Qxc7 Bxc7 20. Bc5 b6 21. Bd5 Rb8 22. Bd4 Bd7 23. Rc1 Rc8 24. Bb7 Bxh2+ 25. Kxh2 Rxc1 26. Bxa6 b5 27. Bb7 Bc6 28. Bxc6 Rxc6 29. a3 Rc4 30. Be5 Rxe4 31. Bd6 f5 32. Kg3 Kf7 33. Kf3 Ke6 34. Bb4 Rxb4 35. axb4 0-1

[Event "Liljevatnet BGP U20"]
[Site "Liljevatnet"]
[Date "2016.09.24"]
[Round "2"]
[White "Mansoor, Afras"]
[Black "Merkesvik, Sondre"]
[Result "0-1"]
[WhiteElo "1801"]
[BlackElo "2096"]
[PlyCount "88"]
[EventDate "2016.09.23"]
[EventType "swiss"]
[EventRounds "5"]
[EventCountry "NOR"]
[SourceTitle "EXT 2024"]
[Source "ChessBase"]
[SourceDate "2023.10.10"]
[SourceVersion "1"]
[SourceVersionDate "2023.10.10"]
[SourceQuality "1"]

1. d4 Nf6 2. Bg5 Ne4 3. Bf4 c5 4. f3 Qa5+ 5. c3 Nf6 6. d5 Qb6 7. Bc1 d6 8. e4 g6 9. Na3 Bg7 10. Nc4 Qc7 11. a4 Nbd7 12. Be3 0-0 13. Qd2 a6 14. Bd3 Rb8 15. a5 b5 16. axb6 Nxb6 17. Ne2 Nfd7 18. 0-0 Nxc4 19. Bxc4 Ne5 20. Bxa6 Bxa6 21. Rxa6 Nc4 22. Qd3 Nxb2 23. Qc2 Nc4 24. Qd3 Ne5 25. Qc2 Qb7 26. Rfa1 Qb2 27. Qxb2 Rxb2 28. Ra7 Rb3 29. R7a3 Rxa3 30. Rxa3 Nc4 31. Bc1 Nxa3 32. Bxa3 Ra8 33. Bc1 Ra1 34. Kf2 Bxc3 35. Nxc3 Rxc1 36. Ne2 Rc2 37. Ke3 Kg7 38. Kd3 Ra2 39. Ke3 f5 40. h4 Kf6 41. g4 fxg4 42. fxg4 Ke5 43. Nc1 Ra3+ 44. Nd3+ Rxd3+ 0-1

[Event "EU-ch U16 26th"]
[Site "Prague"]
[Date "2016.08.22"]
[Round "5"]
[White "Merkesvik, Sondre"]
[Black "Birkisson, Bjorn Holm"]
[Result "1/2-1/2"]
[WhiteElo "2228"]
[BlackElo "1908"]
[PlyCount "136"]
[EventDate "2016.08.18"]
[EventType "swiss"]
[EventRounds "9"]
[EventCountry "CZE"]
[SourceTitle "CBM 174 Extra"]
[Source "ChessBase"]
[SourceDate "2016.10.10"]
[SourceVersion "1"]
[SourceVersionDate "2016.10.10"]
[SourceQuality "1"]

1. Nf3 Nf6 2. g3 e6 3. Bg2 d5 4. d4 Be7 5. c4 0-0 6. 0-0 dxc4 7. Qc2 a6 8. a4 Bd7 9. Ne5 Bc6 10. Nxc6 Nxc6 11. e3 Na5 12. Na3 c5 13. dxc5 Rc8 14. c6 Nxc6 15. Qxc4 Na5 16. Qe2 Nb3 17. Rb1 Qc7 18. Bd2 Bxa3 19. bxa3 Qc2 20. Rxb3 Qxb3 21. Bb4 Rc2 22. Qd1 Rb8 23. Bxb7 h6 24. Bxa6 Nd5 25. Bb5 Nxb4 26. axb4 Rb2 27. Qd6 Rf8 28. a5 Qxb4 29. Qxb4 Rxb4 30. Bc6 Rc8 31. Bf3 Ra4 32. a6 Rc3 33. Bb7 Rca3 34. Kg2 Ra1 35. Rxa1 Rxa1 36. Kf3 Kf8 37. Ke4 Ke7 38. h4 Kd6 39. Kf4 Kc7 40. Kf3 Ra2 41. Kg2 f5 42. Kf3 e5 43. Kg2 Kd6 44. Kf3 e4+ 45. Kg2 Ke5 46. Kf1 g5 47. hxg5 hxg5 48. Kg1 f4 49. gxf4+ gxf4 50. Bc8 f3 51. Bb7 Kf5 52. Bc8+ Kg5 53. Bb7 Kg4 54. Bc8+ Kh4 55. Bb7 Ra4 56. Kh2 Ra2 57. Kg1 Kg4 58. Bc8+ Kg5 59. Bb7 Kf5 60. Bc8+ Ke5 61. Bb7 Kf5 62. Bc8+ Kf6 63. Bb7 Ke5 64. Bc8 Ra1+ 65. Kh2 Rf1 66. Kg3 Rg1+ 67. Kh3 Rf1 68. Kg3 Rg1+ 1/2-1/2

[Event "EU-ch U16 26th"]
[Site "Prague"]
[Date "2016.08.20"]
[Round "3"]
[White "Merkesvik, Sondre"]
[Black "Jurasek, Vojtech"]
[Result "0-1"]
[WhiteElo "2228"]
[BlackElo "1859"]
[PlyCount "94"]
[EventDate "2016.08.18"]
[EventType "swiss"]
[EventRounds "9"]
[EventCountry "CZE"]
[SourceTitle "CBM 174 Extra"]
[Source "ChessBase"]
[SourceDate "2016.10.10"]
[SourceVersion "1"]
[SourceVersionDate "2016.10.10"]
[SourceQuality "1"]

1. Nf3 c5 2. g3 b6 3. Bg2 Bb7 4. 0-0 e6 5. c4 Nf6 6. Nc3 Be7 7. d4 0-0 8. b3 d5 9. Ne5 cxd4 10. Qxd4 Bc5 11. Qd3 Bd6 12. Qd4 Bxe5 13. Qxe5 Nc6 14. Qf4 dxc4 15. Ba3 Re8 16. Rfd1 Qb8 17. Bd6 Qc8 18. Rac1 a6 19. Na4 Nd7 20. bxc4 e5 21. Qg4 Nd4 22. Bxe5 Nxe5 23. Qxd4 Bxg2 24. Nxb6 Qh3 25. Qh4 Qxh4 26. gxh4 Rab8 27. c5 Bc6 28. Rd6 Red8 29. Rcd1 Rxd6 30. Rxd6 Be4 31. f3 Bb7 32. f4 Nc6 33. Rd7 g6 34. Rc7 Nd8 35. Kf2 Ne6 36. Nd7 Nxc7 37. Nxb8 Bd5 38. a3 Kg7 39. Ke3 Kf6 40. Kd4 Be6 41. e4 Nb5+ 42. Ke3 a5 43. a4 Na7 44. c6 Ke7 45. e5 Kd8 46. Kd4 Kc7 47. Kc5 Kxb8 0-1

[Event "EU-ch U16 26th"]
[Site "Prague"]
[Date "2016.08.18"]
[Round "1"]
[White "Merkesvik, Sondre"]
[Black "Brejnik, Gustav"]
[Result "1-0"]
[WhiteElo "2228"]
[BlackElo "1868"]
[PlyCount "49"]
[EventDate "2016.08.18"]
[EventType "swiss"]
[EventRounds "9"]
[EventCountry "CZE"]
[SourceTitle "CBM 174 Extra"]
[Source "ChessBase"]
[SourceDate "2016.10.10"]
[SourceVersion "1"]
[SourceVersionDate "2016.10.10"]
[SourceQuality "1"]

1. d4 c6 2. Nf3 d5 3. g3 Nf6 4. Bg2 Nbd7 5. 0-0 e6 6. c4 Be7 7. Nc3 0-0 8. b3 Re8 9. Bb2 Qc7 10. Rc1 b6 11. Qc2 Bb7 12. Rfe1 Rac8 13. cxd5 exd5 14. Ng5 Qb8 15. Qf5 h6 16. Nf3 c5 17. Ne5 Nxe5 18. dxe5 g6 19. Qc2 Ng4 20. Nxd5 Nxe5 21. f4 Nc6 22. e3 Kh7 23. Qc3 Rg8 24. Nxe7 Nxe7 25. Qf6 1-0

[Event "Helsingor Xtracon op"]
[Site "Helsingor"]
[Date "2016.07.31"]
[Round "10"]
[White "Merkesvik, Sondre"]
[Black "Westerlund, Ola"]
[Result "1/2-1/2"]
[WhiteElo "2263"]
[BlackElo "1930"]
[PlyCount "79"]
[EventDate "2016.07.23"]
[EventType "swiss"]
[EventRounds "10"]
[EventCountry "DEN"]
[SourceTitle "CBM 173 Extra"]
[Source "ChessBase"]
[SourceDate "2016.08.29"]
[SourceVersion "1"]
[SourceVersionDate "2016.08.29"]
[SourceQuality "1"]

1. Nf3 Nf6 2. g3 g6 3. Bg2 Bg7 4. d4 0-0 5. c4 d6 6. 0-0 Nbd7 7. b4 a5 8. b5 e5 9. e3 Re8 10. Nc3 exd4 11. exd4 Nb6 12. c5 dxc5 13. dxc5 Qxd1 14. Rxd1 Nfd5 15. Nxd5 Nxd5 16. Rxd5 Bxa1 17. Bf4 c6 18. bxc6 bxc6 19. Rd6 Be6 20. Ng5 Bxa2 21. Bxc6 Re1+ 22. Kg2 Rc8 23. Ne4 Rxc6 24. Rxc6 Rxe4 25. Rc8+ Kg7 26. c6 Be6 27. Rd8 Rc4 28. c7 a4 29. Bd6 h5 30. Rb8 Bd4 31. f4 Kf6 32. Kf3 Bc3 33. Ke3 Ba5 34. Rb7 Kg7 35. Be5+ Kh6 36. Kd3 Bxc7 37. Bxc7 a3 38. Be5 a2 39. Ra7 Rc8 40. Bf6 1/2-1/2

[Event "Helsingor Xtracon op"]
[Site "Helsingor"]
[Date "2016.07.30"]
[Round "9"]
[White "Merkesvik, Sondre"]
[Black "Brorsen, Jacob Abildlund"]
[Result "0-1"]
[WhiteElo "2263"]
[BlackElo "2112"]
[PlyCount "92"]
[EventDate "2016.07.23"]
[EventType "swiss"]
[EventRounds "10"]
[EventCountry "DEN"]
[SourceTitle "CBM 173 Extra"]
[Source "ChessBase"]
[SourceDate "2016.08.29"]
[SourceVersion "1"]
[SourceVersionDate "2016.08.29"]
[SourceQuality "1"]

1. e4 c5 2. Nf3 d6 3. d4 cxd4 4. Qxd4 e5 5. Bb5+ Nc6 6. Qd3 Be7 7. 0-0 Nf6 8. c4 0-0 9. Nc3 Nb4 10. Qe2 Be6 11. Rd1 Qc7 12. a3 a6 13. axb4 axb5 14. Rxa8 Rxa8 15. cxb5 Bb3 16. Re1 Bc4 17. Qd1 h6 18. h3 Qd7 19. b6 Qc6 20. Be3 Bd8 21. Nd2 Be6 22. b5 Qd7 23. Ndb1 Ra1 24. Qd2 Bc4 25. Na3 Rxe1+ 26. Qxe1 Bd3 27. f3 d5 28. exd5 Nxd5 29. Bc5 f6 30. Qd2 Nxb6 31. Qe3 Nc4 32. Nxc4 Bxc4 33. b6 Qe6 34. b4 f5 35. Nd1 Bg5 36. Qc3 e4 37. fxe4 Qxe4 38. Ne3 Bb5 39. Kh1 f4 40. Ng4 Bc6 41. Qd2 f3 42. Be3 fxg2+ 43. Kh2 g1Q+ 44. Kxg1 Qh1+ 45. Kf2 Bh4+ 46. Ke2 Bb5+ 0-1